Pokémon - Les attaques de Prinplouf - Statistiques

Statistiques générales
  • Ce quiz a été pris 16 fois
  • Le résultat moyen est 9 sur 14
Statistiques - réponses
Niveaux Types Noms des attaques % Correct
Départ Évolution Acier Griffe Acier
100%
Niveau 46 Vol Bec Vrille
78%
Niveau 19 Eau Bulles d'O
78%
Départ Normal Charge
78%
Départ Niveau 8 Eau Écume
78%
Niveau 50 Eau Hydrocanon
78%
Niveau 15 Vol Picpic
78%
Niveau 42 Glace Brume
67%
Niveau 33 Eau Saumure
67%
Niveau 11 Eau Tourniquet
67%
Départ Niveau 4 Normal Rugissement
56%
Niveau 37 Eau Siphon
56%
Niveau 28 Normal Furie
33%
Niveau 24 Normal Patience
22%
Aucun quiz correspondant
Distribution des résultats
% des personnes avec chaque résultat
Percentile par nombre de réponses
Votre historique - résultats
Vous n’avez pas pris ce quiz